| 000 | 00543nam a2200229Ia 4500 | ||
|---|---|---|---|
| 003 | OSt | ||
| 005 | 20230620112038.0 | ||
| 008 | 210423s2003 xx 000 0 und d | ||
| 020 | _a71229361 | ||
| 040 | _cAL | ||
| 041 | _aeng | ||
| 082 | _a576 PREL | ||
| 100 |
_aPRESCOTT (Lansing M);others. _996481 |
||
| 245 | _aMicrobiology. | ||
| 250 | _a5 | ||
| 260 |
_aNew Delhi _bTata McGrawhill _c2003 |
||
| 300 |
_axxvi,1026,I-36 _bPB |
||
| 365 |
_b1740 _cINR |
||
| 650 |
_aMicrobiology _996482 |
||
| 906 | _amicrobiology | ||
| 942 |
_2ddc _cBK |
||
| 999 |
_c162991 _d162991 |
||